| 000 | 00663cam a22001697a 4500 | ||
|---|---|---|---|
| 008 | 180718b1940 xxu||||| |||| 00| 0 eng d | ||
| 082 | _aH51x73 H747 | ||
| 100 | _aHoltzoff, Alexander | ||
| 245 |
_aFederal procedural forms, for use in civil and criminal actions, bankruptcy proceedings _cby Alexander Holtzoff |
||
| 260 |
_aIndianapolis _bThe Bobbs-Merrill company _c1940 |
||
| 300 | _axxii, 1010p | ||
| 650 | _aForms (Law) --United States | ||
| 650 | _aCourt rules --United States | ||
| 650 | _aEquity pleading and procedure --United States --Forms | ||
| 650 | _aCriminal procedure --United States --Forms | ||
| 650 | _aCivil procedure --United States --Forms | ||
| 999 |
_c427592 _d427592 |
||